书目信息 |
| 题名: |
陪你到最后
|
|
| 作者: | 科伦 著 ;裘白莲 译 | |
| 分册: | ||
| 出版信息: | 武汉 长江文艺出版社 2009.01 |
|
| 页数: | 269页 | |
| 开本: | 23cm | |
| 丛书名: | ||
| 单 册: | ||
| 中图分类: | I563.45 | |
| 科图分类: | ||
| 主题词: | 长篇小说--chang pian xiao shuo--荷兰--现代 | |
| 电子资源: | ||
| ISBN: | 978-7-5354-3770-9 | |
| 000 | 00983nam0 2200253 450 | |
| 001 | 012009250995 | |
| 005 | 20091230135859.82 | |
| 010 | @a978-7-5354-3770-9@dCNY28.00 | |
| 100 | @a20091230d2009 em y0chiy0120 ea | |
| 101 | 1 | @achi@cdut |
| 102 | @aCN@b420000 | |
| 105 | @ay z 000yy | |
| 106 | @ar | |
| 200 | 1 | @a陪你到最后@Apei ni dao zui hou@d= Komt een vrouw by de dokter@f(荷) 瑞·科伦(Ray Kluun)著@F(he)rui·ke lun(Ray Kluun)zhu@g裘白莲译@Gqiu bai lian yi@zdut |
| 210 | @a武汉@c长江文艺出版社@d2009.01 | |
| 215 | @a269页@d23cm | |
| 330 | @a稳定的工作+美丽的妻子+可爱的女儿=全西半球最幸福的夫妻。就在丹尼自认生命中最美好的一切全都降临在他身上时,—个玩笑般的考验,打碎了他的美梦。 | |
| 500 | 10 | @aKomt een vrouw by de dokter@mChinese |
| 606 | 0 | @a长篇小说@Achang pian xiao shuo@y荷兰@z现代 |
| 690 | @aI563.45@v4 | |
| 701 | 1 | @a科伦@Ake lun@g(Kluun, Ray)@4著 |
| 702 | 0 | @a裘白莲@Aqiu bai lian@4译 |
| 801 | 0 | @aCN@bQSSK@c20091230 |
| 905 | @b769232-34@dI563.45@eK505@f3 | |
| 陪你到最后= Komt een vrouw by de dokter/(荷) 瑞·科伦(Ray Kluun)著/裘白莲译.-武汉:长江文艺出版社,2009.01 |
| 269页;23cm |
| ISBN 978-7-5354-3770-9:CNY28.00 |
| 稳定的工作+美丽的妻子+可爱的女儿=全西半球最幸福的夫妻。就在丹尼自认生命中最美好的一切全都降临在他身上时,—个玩笑般的考验,打碎了他的美梦。 |
| ● |
| 相关链接 |
|
|
|
正题名:陪你到最后
索取号:I563.45/K505
 
预约/预借
| 序号 | 登录号 | 条形码 | 馆藏地/架位号 | 状态 | 备注 |
| 1 | 769232 | 207692326 | 文学库116/116文学库 22排5列3层/ [索取号:I563.45/K505] | 在馆 | |
| 2 | 769233 | 207692335 | 社科二线422/116文学库 22排5列2层/ [索取号:I563.45/K505] | 在馆 | |
| 3 | 769234 | 207692344 | 文学库116/116文学库 22排5列3层/ [索取号:I563.45/K505] | 在馆 |